Amerika /
Nedokončený román byl jako celek vydán až po autorově smrti a je fragmentární výpovědí o člověku, který se sám sobě ztrácí v odlidštěném světě.
Uloženo v:
| Hlavní autor: | |
|---|---|
| Další autoři: | |
| Médium: | E-kniha |
| Jazyk: | Czech |
| Vydáno: |
Praha :
Dobrovský s.r.o.,
2015
|
| Edice: | Omega (Dobrovský)
|
| Témata: | |
| Tagy: |
Žádné tagy |
| LEADER | 02442cam a2200433 i 4500 | ||
|---|---|---|---|
| 001 | 311143 | ||
| 003 | CZ PrSKC | ||
| 005 | 20260601215700.0 | ||
| 007 | ta | ||
| 008 | 150519s2015 xr g 000 f cze d | ||
| 015 | |a cnb002709922 | ||
| 020 | |a 9788073902537 |q (vázáno) | ||
| 035 | |a (OCoLC)918017350 | ||
| 040 | |a PNA001 |b cze |d OLA001 |d ABA001 |e rda | ||
| 041 | 1 | |a cze |h ger | |
| 072 | 7 | |a 821.112.2-3 |x Německá próza, německy psaná |2 Konspekt | |
| 080 | |a 821.112.2(437.3)-31 |2 MRF | ||
| 080 | |a (0:82-31) |2 MRF | ||
| 100 | 1 | |a Kafka, Franz, |d 1883-1924 |7 jn19990218037 |4 aut | |
| 240 | 1 | 0 | |a Amerika. |l Česky |7 aun2008463245 |
| 245 | 1 | 0 | |a Amerika / |c Franz Kafka ; přeložila: Dagmar Eisnerová |
| 264 | 1 | |a Praha : |b Dobrovský s.r.o., |c 2015 | |
| 300 | |a 226 stran ; |c 21 cm | ||
| 336 | |a text |b txt |2 rdacontent | ||
| 337 | |a bez média |b n |2 rdamedia | ||
| 338 | |a svazek |b nc |2 rdacarrier | ||
| 490 | 1 | |a Omega | |
| 500 | |a Přeloženo z němčiny | ||
| 520 | 2 | |a Nedokončený román byl jako celek vydán až po autorově smrti a je fragmentární výpovědí o člověku, který se sám sobě ztrácí v odlidštěném světě. | |
| 520 | 2 | |a Odehrává se ve Spojených státech a očima dospívajícího chlapce zachycuje obraz moderní technické civilizace, která svými odlidštěnými společenskými vztahy vyvolává v člověku pocit ohrožení a beznaděje. Hrdina je jako šestnáctiletý hoch kvůli rodinnému skandálu poslán do Ameriky ke svému strýci, u něhož na krátký čas poznává luxusní život bohatých lidí, brzy však od něho odchází, je nucen živit se v cizí zemi sám a bez pomoci jako proletář. Dílo sugestivně vyjadřuje autorův přístup k hledání smyslu lidské existence i jeho sociálně kritické postoje. | |
| 655 | 7 | |a německy psané romány |7 fd132937 |2 czenas | |
| 655 | 9 | |a fiction in German |2 eczenas | |
| 700 | 1 | |a Eisnerová, Dagmar, |d 1922-2000 |7 jk01030387 |4 trl | |
| 830 | 0 | |a Omega (Dobrovský) | |
| 900 | |a ABA001 |b 20 | ||
| 044 | |a xr | ||
| 910 | |a RBIT002 | ||
| 998 | |d 204227 |a https://core.palmknihy.cz/api/books/204227/cover?q67b0z |b https://core.palmknihy.cz/api/books/204227/cover/400?q67b0z |c https://core.palmknihy.cz/api/books/204227/cover/50?q67b0z |e |g 232 |i 9788073902537 |j https://core.palmknihy.cz/api/books/204227/preview.epub |k https://core.palmknihy.cz/api/books/204227/preview.pdf |l |q 49 |r 1 |s https://www.palmknihy.cz/kniha/204227 |t ebook |y 2015 |z 0 | ||
| 999 | |d 311141 | ||